| 000 | 00481nam a22001817a 4500 | ||
|---|---|---|---|
| 003 | OSt | ||
| 005 | 20220912045013.0 | ||
| 008 | 160203b xxu||||| |||| 00| 0 eng d | ||
| 040 |
_cMMU _aMMU _beng _dMMU |
||
| 050 | _aB29 .F45 1994 | ||
| 100 | _aAbel, Donald C. | ||
| 245 |
_aFifty readings in philosophy/ _cDonald C.Abel. |
||
| 260 |
_aNew York : _bMcGraw-Hill, _c1994. |
||
| 300 | _axiii, 489 p. : | ||
| 500 | _aIncludes index. | ||
| 650 | _aPhilosophy | ||
| 942 |
_2lcc _cLOAN LOAN |
||
| 999 |
_c16344 _d16344 |
||